Výstava akademického maliara Jaroslava Jareša v Prahe

Správa o otvorení výstavy 5.3.1938, kde mal úvodný prejav Dušan Jurkovič a o Jarešovej tvorbe prednášal Janko Alexy

Podrobná bibliografia
Médium: Článok
Jazyk:slovenčina
Predmet:

MARC

LEADER 00000nab a22000001a 4500
001 vtls009001230
003 SK-MaSNL
005 20260305004911.0
008 070621d19380308xo |r|p|||| |000 b|slo
015 |a SNBRRBVU1918-1938 
038 |a SNKBUCL 
038 |a SNKBUVU 
040 |a SNKBUVU  |b slo  |c SNKBUCL  |e AACR2 
041 0 |a slo 
044 |a xo  |c SK 
080 |a 75.071.1:061.4  |2 1997 
080 |a 75(437.1/.2):061.4  |2 1997 
245 0 0 |a Výstava akademického maliara Jaroslava Jareša v Prahe 
500 |a V rubrike Kultúrna kronika 
520 |a Správa o otvorení výstavy 5.3.1938, kde mal úvodný prejav Dušan Jurkovič a o Jarešovej tvorbe prednášal Janko Alexy 
600 1 7 |a Jareš, Jaroslav,  |d 1886-1967  |2 MM  |9 182977 
648 7 |a 1938  |2 MM  |9 310540 
650 0 7 |a české maliarstvo  |2 MM  |9 3112 
650 0 7 |a výstavy  |2 snkbucl  |9 2780 
651 7 |a Praha (Česko)  |2 MM  |9 19313 
773 0 |t Slovák  |g Roč. 20, č. 55 (8.3.1938), s. 5 
852 |a SNK  |b KIS3GCP 
910 |a snkrbvumm 
958 |a VY 
958 |a CZ 
999 |c 3237980  |d 3239910